00550cam a22002177a 4500003000500000005001700005008004100022010001000063011001000073035001000083040000900093082002000102100002900122245003300151250001000184260005100194300002000245650002600265700002100291700002000312CHAP20220329141627.0971013s1980 r 00010 d a71280 a72252 a81806 cCHAP a581.1bG35 198000aGalston, Arthur William.14aThe life of the green plants a3 ed. aEnglewood Cliffs, N.J. :bPrentice-Hall,c1980 a464 p.b: ilus.14aFisiología vegetal.0 aDavies, Peter J.0 aSatter, Ruth L.